Minchia di re /

Salvato in:
Dettagli Bibliografici
Autore principale: Pilati, Giacomo (Autore)
Natura: Libro
Lingua:italiano
Pubblicazione: Milano : Mursia, c2004
Serie:Graffiti
Tags: Aggiungi Tag
Nessun Tag, puoi essere il primo ad aggiungerne!!

MARC

LEADER 00000nam a22000007i 4500
001 IT\ICCU\LO1\0884771
003 ItRI
005 20260115231910.0
008 041105s2004 it |||||| ||||| |||||c
020 |a 8842533009 
040 |b ita  |c importazione bologna sebina 
041 7 |a ita  |2 ISO-639-2 
100 1 |a Pilati, Giacomo  |0 IT\ICCU\PALV\049337  |4 aut 
245 1 0 |a Minchia di re /  |c Giacomo Pilati. 
260 |a Milano :  |b Mursia,  |c c2004 
300 |a 185 p. ;  |c 18 cm. 
830 0 |a Graffiti  |0 IT\ICCU\RAV\0332476 
942 |2 ddc  |c BK  |n 0 
952 |0 0  |1 0  |4 0  |6 DOC_853_920000000000000_PIL  |7 0  |9 15773  |a BO  |b BO  |d 2026-01-15  |i 12468  |l 0  |o DOC 853.92 PIL  |p BO12468  |r 2026-01-15 23:19:10  |w 2026-01-15  |x [Sebina 5] [1 v.]  |y BK  |z 1 v. 
999 |c 13570  |d 13570